| 000 | 00817 a2200181 4500 | ||
|---|---|---|---|
| 003 | Nust | ||
| 005 | 20170207171113.0 | ||
| 040 | _cNust | ||
| 082 | _a005.8 | ||
| 100 | _aKhan, Muhammad Junaid (MSIS-8) | ||
| 245 |
_aLocation privacy of wireless local area network users using client server based architecture _cMuhammad Junaid Khan |
||
| 260 |
_aRawalpindi _bMCS (NUST) _c2013 |
||
| 300 | _axi,59,p.; | ||
| 505 | _aIntroduction (page-1) Overview WLAN locattion detection and prevention (page-4) WLAN location detection techniques and architectures (page-10) Application of proposed technique on client server based WLAN location detection architecture (page-27) Analysis of proposed technique (page-43) Conclusion and future work (page-46) | ||
| 538 | _aAlmirah No.70 Shelf No.5 | ||
| 650 | _aPG Thesis | ||
| 651 | _aMSIS-8 | ||
| 942 | _cTHS | ||
| 999 |
_c216223 _d216223 |
||